Sports Quiz

Random Sports or NHL Quiz

Highest Scoring NHLer by province Quiz Stats

 Plays Quiz not verified by Sporcle

Support Sporcle.
Go Orange.
Score 0/13 Timer 05:00
0 Plays Today
Province Player % Correct
OntarioWayne Gretzky
100%
SaskatchewanGordie Howe
94.3%
AlbertaMark Messier
85.7%
British ColumbiaSteve Yzerman
74.3%
QuebecMarcel Dionne
74.3%
NunavutJordin Tootoo
60%
Prince Edward IslandBrad Richards
45.7%
ManitobaBobby Clarke
34.3%
Nova ScotiaAl MacInnis
31.4%
Northwest TerritoriesGeoff Sanderson
25.7%
YukonPeter Sturgeon
5.7%
New BrunswickDanny Grant
2.9%
NewfoundlandMichael Ryder
0%

You're not logged in!

Compare scores with friends on all Sporcle quizzes.
OR
Log In
Forgot?

From the Vault

Double Letter Pixar Movies

by teedslaststand

Speaking of double letters, Pixarr would be a good name for a company that makes animated movies about pirates.
Remove Ads.
Support Sporcle.
Get the best of Sporcle when you Go Orange. This ad-free experience offers more features, more stats, and more fun while also helping to support Sporcle. Thank you for becoming a member.

Show Comments

Extras

Created Feb 12, 2011ReportNominate
Tags:NHL Quiz, Province

Top Quizzes Today


Score Distribution

Your Account Isn't Verified!

In order to create a playlist on Sporcle, you need to verify the email address you used during registration. Go to your Sporcle Settings to finish the process.

Report this User

Report this user for behavior that violates our Community Guidelines.

Details: